000 00310nam a2200109Ia 4500
008 171211s9999 xx 000 0 und d
245 _aBirds of North Carolina: A Falcon Field Guide
245 _cTodd Telander
260 _c2012
650 _xANIMALS
856 _uhttp://down.ebook777.com/042/9780762778911.pdf
999 _c348487
_d348487